<?xml version="1.0" encoding="UTF-8"?>
<marc:record xmlns:marc="http://www.loc.gov/MARC21/slim">
   <marc:leader>00000nam a2200000 a 4500</marc:leader>
   <marc:datafield ind1="1" ind2=" " tag="100">
      <marc:subfield code="a">Hansen, Ella &amp; Tom</marc:subfield>
      <marc:subfield code="4">aut</marc:subfield>
      <marc:subfield code="e">Verfasser/-in</marc:subfield>
   </marc:datafield>
   <marc:datafield ind1="0" ind2="0" tag="245">
      <marc:subfield code="a">Nordfalle</marc:subfield>
   </marc:datafield>
   <marc:datafield ind1="0" ind2="0" tag="245">
      <marc:subfield code="b">Inselpolizei Amrum-Föhr</marc:subfield>
   </marc:datafield>
   <marc:datafield ind1=" " ind2="1" tag="264">
      <marc:subfield code="b">Independitly published</marc:subfield>
      <marc:subfield code="c">2024</marc:subfield>
   </marc:datafield>
   <marc:datafield ind1="1" ind2=" " tag="490">
      <marc:subfield code="a">Inselpolizei Amrum-Föhr</marc:subfield>
   </marc:datafield>
   <marc:datafield ind1="1" ind2=" " tag="520">
      <marc:subfield code="a">Ein ertrunkener Rettungsschwimmer wird zur Herausforderung für die Inselpolizei Amrum-Föhr. Der spannende, neue Küstenkrimi von den Bestsellerautoren Ella &amp; Tom Hansen.  Kriminalhauptkommissar David Kern und Hilla Petersen von der Inselpolizei sind es gewohnt, die kniffligsten Fälle zu lösen. Dieser stellt die erfahrenen Ermittler jedoch vor ein Rätsel, denn am Bein des Toten hängt eine rostige Bärenfalle. Wie ist es möglich, dass ein geübter Schwimmer ertrinkt? Noch dazu an einem Tag mit absolut ruhiger See? Und wie kommt eine Bärenfalle nach Föhr? Ein weiterer Küstenkrimi aus der erfolgreichen Bestsellerreihe »Inselpolizei Amrum-Föhr« lädt zum Miträtseln ein und sorgt mit Hochspannung für Nervenkitzel zwischen Watt und Dünen.</marc:subfield>
   </marc:datafield>
   <marc:datafield ind1=" " ind2=" " tag="020">
      <marc:subfield code="a">9798877947009</marc:subfield>
      <marc:subfield code="9">9798877947009</marc:subfield>
   </marc:datafield>
</marc:record>
